00931cam a2200265 a 4500999001500000001000600015003000900021005001700030008004100047020001800088040002800106082002000134100002200154245012300176250001200299260003700311300002500348504005100373650001500424650002700439650004200466700002700508942001200535952011800547 c1920d192014434BD-DhUAP20200218094939.0200218s2015 bg b 001 0 eng  a9789849067184 aDLCcDLCbEngdBD-DhUAP 223a363.325 HAL1 aHalim, Md. Abdul.10aTerrorism and Counter-Terrorism :blegal issues, challenges and responses /cMd. Abdul Halim and Farhana Helal Mehtab. a1st ed. aDhaka :bCCB foundation,cc2015. a364 pages ;c23 cm. aIncludes bibliographical references and index. aTerrorism. aTerrorismxPrevention. aTerrorismxMoral and ethical aspects. aMehtab, Farhana Helal. 2ddccBK 00102ddc4070aUAPCLbUAPCLcGeneral Stacksd2020-02-18o363.325 HALp3010019434r2020-02-18t1w2020-02-18yBK